Flexible Data Queries

Na minha lista:
Detalhes bibliográficos
Autor principal: Hudec, Miroslav, 1969-
Formato: Capítulo de Livro
Idioma:inglês
Tags: Adicionar Tag
Sem tags, seja o primeiro a adicionar uma tag!

MARC

LEADER 00000nla a2200000 4500
001 0181235
005 20240502083427.2
041 0 |a eng 
044 |a CZ 
245 1 0 |a Flexible Data Queries  |c Miroslav Hudec 
100 1 |a Hudec, Miroslav, 1969-